000 01202nam0a2200361 i 4500
001 RU\NLR\BIBL_A\010304750
005 20240725030307.0
010 _a9785699683192
_96000
021 _aRU
_b2014-10574
_9675
035 _a(NILC)RuMoRGB-006747222
035 _a(NLR Aleph) 010304750
090 _a10611126
_c10611126
100 _a20140410d2014 um y0rusy50 ca
101 1 _arus
_ceng
102 _aRU
105 _aa|||z||||00ay
200 1 _aПоследний автобус домой
_e[роман]
_fЛия Флеминг
_g[пер. с англ. М. С. Добряковой
_gил. С. Прохоровой]
210 _aМосква
_cЭксмо
_d2014
215 _a601, [2] с.
_cил.
_d21
225 1 _aЖенщине XX века посвящается
333 _a16+
675 _a821.111-31
686 1 _aШ6(7США)67-440.4(Лх1979-50)
700 1 _aФлеминг
_bЛ.
_gЛия
702 1 _aПрохорова
_bС.
_4040
801 0 _aRU
_bRuMoRKP
_c20140227
_gRCR
801 2 _aRU
_bРГБ
_c20140306
_grcr
801 1 _aRU
_bRuMoRKP
_c20140227
_2rusmarc
942 _cBOOK
980 _aNBR